000 00680nam a22002297a 4500
001 30511
003 UA-OsUOA
005 20220702102516.0
007 ta
008 20041110b un ||||| |||| 00| 0 ukr d
040 _aUA-OsUOA
_brus
_cUA-OsUOA
_dUA-OsUOA
041 _arus
044 _aRU
080 _a82.09
090 _a82.09
_bС56
245 _aСовременная литературная критика. Вопросы теории и методологии
_cред. В. В. Кожинов, А. С. Мясников, Я. Е. Эльсберг
260 _aМосква
_bНаука
_c1977
300 _a272 с.
650 7 _2UDC
942 _cBK
_2udc
955 _a0
999 _c316923
_d316923